<?xml version="1.0" encoding="UTF-8"?><?xml-stylesheet type="text/xsl" href="static/style.xsl"?><OAI-PMH xmlns="http://www.openarchives.org/OAI/2.0/" xmlns:xsi="http://www.w3.org/2001/XMLSchema-instance" xsi:schemaLocation="http://www.openarchives.org/OAI/2.0/ http://www.openarchives.org/OAI/2.0/OAI-PMH.xsd"><responseDate>2026-04-26T21:57:17Z</responseDate><request verb="GetRecord" identifier="oai:uvadoc.uva.es:10324/4730" metadataPrefix="marc">https://uvadoc.uva.es/oai/request</request><GetRecord><record><header><identifier>oai:uvadoc.uva.es:10324/4730</identifier><datestamp>2021-06-23T11:10:25Z</datestamp><setSpec>com_10324_1163</setSpec><setSpec>com_10324_931</setSpec><setSpec>com_10324_894</setSpec><setSpec>col_10324_1327</setSpec></header><metadata><record xmlns="http://www.loc.gov/MARC21/slim" xmlns:doc="http://www.lyncode.com/xoai" xmlns:xsi="http://www.w3.org/2001/XMLSchema-instance" xmlns:dcterms="http://purl.org/dc/terms/" xsi:schemaLocation="http://www.loc.gov/MARC21/slim http://www.loc.gov/standards/marcxml/schema/MARC21slim.xsd">
<leader>00925njm 22002777a 4500</leader>
<datafield tag="042" ind1=" " ind2=" ">
<subfield code="a">dc</subfield>
</datafield>
<datafield tag="720" ind1=" " ind2=" ">
<subfield code="a">Cano de Gardoqui García, José Luis</subfield>
<subfield code="e">author</subfield>
</datafield>
<datafield tag="260" ind1=" " ind2=" ">
<subfield code="c">2013</subfield>
</datafield>
<datafield tag="520" ind1=" " ind2=" ">
<subfield code="a">La lectura de un artículo elaborado por el profesor e&#xd;
investigador Ricardo Chávez Mendoza - interesante&#xd;
reflexión acerca de algunos trabajos del teórico&#xd;
polaco Michal Glowinski relativos al problema de la&#xd;
comunicación y recepción literarias -, suscita la exposición&#xd;
de una serie de ideas que tienen como punto de&#xd;
partida concreto el “reto” planteado por Chávez en su&#xd;
apartado de conclusiones: “De manera semejante a lo&#xd;
que propone Glowinski con los estilos de lectura, sería&#xd;
interesante un estudio que abordara el tema de la recepción&#xd;
cinematográfica, para en ese sentido determinar la&#xd;
existencia histórica de estilos espectatoriales..”</subfield>
</datafield>
<datafield tag="024" ind2=" " ind1="8">
<subfield code="a">Zalama, Miguel Ángel (coords.). Alma Ars : Estudios de arte e historia en homenaje al Dr. Salvador Andrés Ordax. Valladolid : Universidad, 2013, p. 479-482</subfield>
</datafield>
<datafield tag="024" ind2=" " ind1="8">
<subfield code="a">978-84-8448-761-6</subfield>
</datafield>
<datafield tag="024" ind2=" " ind1="8">
<subfield code="a">978-84-7723-602-3</subfield>
</datafield>
<datafield tag="024" ind2=" " ind1="8">
<subfield code="a">http://uvadoc.uva.es/handle/10324/4730</subfield>
</datafield>
<datafield tag="024" ind2=" " ind1="8">
<subfield code="a">479</subfield>
</datafield>
<datafield tag="024" ind2=" " ind1="8">
<subfield code="a">482</subfield>
</datafield>
<datafield tag="024" ind2=" " ind1="8">
<subfield code="a">Alma Ars : Estudios de arte e historia en homenaje al Dr. Salvador Andrés Ordax.</subfield>
</datafield>
<datafield ind1=" " ind2=" " tag="653">
<subfield code="a">Crítica cinematográfica</subfield>
</datafield>
<datafield ind1=" " ind2=" " tag="653">
<subfield code="a">Glowinski, Michal - Crítica e interpretación</subfield>
</datafield>
<datafield tag="245" ind1="0" ind2="0">
<subfield code="a">Recepción estética cinematográfica y estilos de lectura : Michal Glowinski revisitado por Chávez Mendoza</subfield>
</datafield>
</record></metadata></record></GetRecord></OAI-PMH>